000 00236nam a22000857a 4500
008 170605b xxu||||| |||| 00| 0 eng d
100 _93274
_aKumar. A
245 _aThe Great Akbar and The wise Birbal
260 _aDelhi
_bManoj Publication
_c2005
999 _c6592
_d6592